Word Answers Start with "Wr-" - Statistics

General Stats
  • This quiz has been taken 260 times
    54 since last reset
  • The average score is 14 of 19
Answer Stats
Hint Word % Correct
Incorrect, or unjust wrong
98%
Anger, rage wrath
94%
The joint connecting the hand with the forearm wrist
92%
A slight line or fold, perhaps in the skin of the face wrinkle
88%
To mark letters, words, or other symbols on a surface write
88%
To bundle, swaddle, envelop wrap
86%
Flowers, leaves, fruits, twigs arranged into a circle wreath
82%
Small short-winged songbird of family Troglodytidae wren
80%
To destroy wreck
78%
To squeeze and twist wring
76%
Brand of gum, or baseball field Wrigley
68%
To grapple wrestle
66%
Using or expressing dry, especially mocking, humor wry
66%
Miserable or despicable person wretch
64%
Person in charge of horses or other livestock on a ranch wrangler
62%
To continually twist or contort the body (perhaps in pain) writhe
58%
Industrial Polish city on the Oder River Wroclaw
54%
To bring about (havoc, perhaps) wreak
52%
Ghost wraith
46%
No matching quizzes found
Score Distribution
Percent of People with Each Score
Percentile by Number Answered
Your Score History
You have not taken this quiz since the last reset